Statistiques concernant Logo voiture #2

Cliquez ici pour prendre le quiz!

Statistiques générales

  • Ce quiz a été pris 519 fois
  • Le résultat moyen est 12 sur 16

Statistiques - réponses

Réponse% Correct
Audi
100%
Ferrari
98%
Renault
98%
Toyota
98%
Peugeot
96%
Suzuki
89%
Kia
85%
Volkswagen
85%
Lexus
80%
Mazda
79%
Mustang
70%
Yamaha
57%
McLaren
54%
Abarth
44%
Pontiac
30%
Baic motor
1%

Distribution des résultats

Percentile par nombre de réponses

% des personnes avec chaque résultat

Votre développement - résultats

Vous n’avez pas pris ce quiz